Văn học Việt Nam hiện đại trong đồng hành cùng lịch sử : Tuyển /
שמור ב:
| מחבר ראשי: | |
|---|---|
| פורמט: | Sách giấy |
| שפה: | Vietnamese |
| יצא לאור: |
H. :
Khoa học Xã hội,
2014.
|
| נושאים: | |
| תגים: |
הוספת תג
אין תגיות, היה/י הראשונ/ה לתייג את הרשומה!
|
| Thư viện lưu trữ: | Thư viện Trường Đại học Đà Lạt |
|---|
| LEADER | 01026nam a2200313 4500 | ||
|---|---|---|---|
| 001 | DLU170180932 | ||
| 005 | ##20170912 | ||
| 020 | # | # | |a 9786049025709 |
| 040 | # | # | |a DLU |b vie |
| 041 | # | # | |a vie |
| 044 | # | # | |a vn |
| 082 | # | # | |a 895.922 |b PH-L |
| 100 | # | # | |a Phong Lê. |
| 245 | # | # | |a Văn học Việt Nam hiện đại trong đồng hành cùng lịch sử : |b Tuyển / |c Phong Lê. |
| 260 | # | # | |a H. : |b Khoa học Xã hội, |c 2014. |
| 300 | # | # | |a 626 tr. ; |c 24 cm. |
| 505 | # | # | |a Hướng tới mục tiêu cách mạng và hiện đại từ nửa sau thế kỷ XIX đến 1945 -- Từ chủ nghĩa hiện thực và hiện thực Xã hội Chủ nghĩa đến đổi mới và hội nhập từ sau 1945 đến 2013. |
| 650 | # | # | |a Văn học Việt Nam |x Lịch sử và phê bình. |
| 923 | # | # | |a 05/2016 |
| 991 | # | # | |a SH |
| 992 | # | # | |a 157000 |
| 994 | # | # | |a DLU |
| 900 | # | # | |a True |
| 911 | # | # | |a Nguyễn Thanh Hương |
| 925 | # | # | |a G |
| 926 | # | # | |a A |
| 927 | # | # | |a SH |
| 980 | # | # | |a Thư viện Trường Đại học Đà Lạt |


